[Event "EU-chT (Women) 25th"]
[Site "Batumi"]
[Date "2025.10.07"]
[Round "3.1"]
[White "Khukhashvili, Sopiko"]
[Black "Valcu, Lavinia"]
[Result "1-0"]
[WhiteElo "2304"]
[BlackElo "2223"]
[PlyCount "99"]
[EventDate "2025.10.05"]
[EventType "team-swiss"]
[EventRounds "9"]
[EventCountry "GEO"]
[SourceTitle "CB42_2025"]
[SourceDate "2025.10.15"]
[SourceVersion "1"]
[SourceVersionDate "2025.10.15"]
[SourceQuality "1"]
[WhiteTeam "Georgia (W) II"]
[BlackTeam "Sweden (W)"]
[WhiteTeamCountry "GEO"]
[BlackTeamCountry "SWE"]

1. e4 e5 2. Nf3 Nc6 3. Bc4 Nf6 4. d3 Bc5 5. 0-0 d6 6. c3 a5 7. h3 Ba7 8. Re1 h6 9. d4 Qe7 10. Nh4 g6 11. Na3 Bd7 12. Nb5 Bb6 13. b3 0-0-0 14. Bf1 Rdg8 15. g3 Nh5 16. Be3 exd4 17. Nxd4 Ne5 18. Bg2 Kb8 19. Qd2 c5 20. Nc2 Bc7 21. Rad1 f5 22. exf5 gxf5 23. Bf4 Nxf4 24. Qxf4 Qg5 25. Kh2 Bc6 26. Bd5 Rf8 27. Ne3 Rf6 28. Re2 Rhf8 29. c4 Qh5 30. Red2 Qg5 31. Neg2 Qh5 32. a3 Qg5 33. Rb1 Bxd5 34. Rxd5 Nc6 35. Nf3 Qg7 36. Qd2 Ne7 37. Rd3 Ng6 38. b4 f4 39. bxc5 fxg3+ 40. fxg3 Rxf3 41. Rxf3 dxc5 42. Rfb3 b6 43. Rxb6+ Kc8 44. Qd5 Ne5 45. Ra6 Nd7 46. Ra8+ Bb8 47. Qb7+ Kd8 48. Rxb8+ Ke7 49. Qxd7+ Kxd7 50. R8b7+ 1-0

[Event "Stockholm Avenyn op"]
[Site "Stockholm"]
[Date "2025.08.24"]
[Round "7"]
[White "Arman, Deniz"]
[Black "Valcu, Lavinia"]
[Result "1/2-1/2"]
[WhiteElo "2379"]
[BlackElo "2204"]
[PlyCount "169"]
[EventDate "2025.08.22"]
[EventType "swiss"]
[EventRounds "8"]
[EventCountry "SWE"]
[SourceTitle "CB35_2025"]
[SourceDate "2025.08.27"]
[SourceVersion "1"]
[SourceVersionDate "2025.08.27"]
[SourceQuality "1"]

1. e4 e5 2. Nf3 Nc6 3. Bb5 f5 4. d3 fxe4 5. dxe4 Nf6 6. Qd3 Bd6 7. Bc4 Na5 8. Nc3 Nxc4 9. Qxc4 c6 10. Bg5 Bb8 11. 0-0-0 b5 12. Bxf6 gxf6 13. Qd3 d6 14. Nh4 Bc7 15. Qf3 Be6 16. Qh5+ Kd7 17. Nd5 Bb6 18. Ne3 Bxe3+ 19. fxe3 Qe7 20. Rhf1 Kc7 21. Rf2 Qg7 22. Nf5 Bxf5 23. Qxf5 Rhf8 24. Qe6 Rad8 25. Qb3 Qe7 26. Qb4 Rd7 27. Rd3 a6 28. a4 Ra8 29. Qa5+ Kb7 30. Ra3 Rdd8 31. Rb3 d5 32. exd5 Rxd5 33. c4 Rc5 34. Rc2 Qe6 35. Qb4 Qe7 36. cxb5 Rxc2+ 37. Kxc2 Qxb4 38. bxa6+ Kxa6 39. Rxb4 Rg8 40. g3 h5 41. Rh4 Rg5 42. Rb4 Rf5 43. Rh4 Ka5 44. b3 c5 45. Rc4 Rf2+ 46. Kd3 Kb6 47. Rh4 Rb2 48. Kc4 Rc2+ 49. Kd3 Rb2 50. Kc3 Re2 51. Rxh5 Rxe3+ 52. Kc4 Rf3 53. Rh8 Rf2 54. h4 e4 55. Re8 Rc2+ 56. Kd5 Rd2+ 57. Ke6 Rf2 58. h5 e3 59. Kf7 e2 60. g4 f5 61. gxf5 Rxf5+ 62. Kg6 Rf2 63. h6 Rg2+ 64. Kf5 Rh2 65. Kg5 Rg2+ 66. Kf4 Rh2 67. Kf3 Rxh6 68. Kxe2 Rd6 69. Rb8+ Kc7 70. Rb5 Kc6 71. Rb8 Kc7 72. Re8 Rb6 73. Re3 c4 74. bxc4 Rb4 75. Kd3 Rxa4 76. Kd4 Ra6 77. Re7+ Kd8 78. Rh7 Rg6 79. Kc5 Kc8 80. Kb5 Kb8 81. c5 Kc8 82. Rh1 Kc7 83. Rh7+ Kc8 84. c6 Rg1 85. Rh8+ 1/2-1/2

[Event "Stockholm op"]
[Site "Stockholm"]
[Date "2025.08.16"]
[Round "4"]
[White "Viswanath, Rishi"]
[Black "Valcu, Lavinia"]
[Result "0-1"]
[WhiteElo "1893"]
[BlackElo "2204"]
[PlyCount "42"]
[EventDate "2025.08.15"]
[EventType "swiss"]
[EventRounds "7"]
[EventCountry "SWE"]
[SourceTitle "CB34_2025"]
[SourceDate "2025.08.20"]
[SourceVersion "1"]
[SourceVersionDate "2025.08.20"]
[SourceQuality "1"]

1. Nf3 Nf6 2. c4 e6 3. g3 d5 4. d4 Bd6 5. Bg2 0-0 6. 0-0 c6 7. Qc2 Nbd7 8. Nbd2 Re8 9. e4 Nxe4 10. Nxe4 dxe4 11. Qxe4 e5 12. Bg5 f6 13. Bd2 exd4 14. Qxd4 Ne5 15. Bc3 Qe7 16. Rfe1 Be6 17. b3 Rad8 18. Rad1 Bg4 19. Qe4 Nxf3+ 20. Qxf3 Bxf3 21. Rxe7 Bxd1 0-1

[Event "Stockholm op"]
[Site "Stockholm"]
[Date "2025.08.15"]
[Round "3"]
[White "Valcu, Lavinia"]
[Black "Seo, Jung Min"]
[Result "0-1"]
[WhiteElo "2204"]
[BlackElo "2474"]
[PlyCount "94"]
[EventDate "2025.08.15"]
[EventType "swiss"]
[EventRounds "7"]
[EventCountry "SWE"]
[SourceTitle "CB34_2025"]
[SourceDate "2025.08.20"]
[SourceVersion "1"]
[SourceVersionDate "2025.08.20"]
[SourceQuality "1"]

1. d4 Nf6 2. c4 e6 3. Nf3 b6 4. g3 Ba6 5. b3 Bb4+ 6. Bd2 Be7 7. Bg2 d5 8. cxd5 exd5 9. Nc3 0-0 10. 0-0 Bb7 11. Bf4 a6 12. Rc1 Nbd7 13. Ne5 Re8 14. h4 Nf8 15. Rc2 Ne6 16. Bc1 Bd6 17. Bg5 Nxg5 18. hxg5 Ne4 19. Nxe4 dxe4 20. Nc4 Be7 21. Ne3 Bxg5 22. Qc1 Re7 23. Rd1 g6 24. d5 Bxe3 25. Qxe3 Bxd5 26. Rcd2 c6 27. Rd4 Qc7 28. Qf4 Qxf4 29. gxf4 f5 30. e3 Rd8 31. Bf1 b5 32. a4 Red7 33. axb5 axb5 34. b4 Kf7 35. Be2 Ke7 36. Rc1 Rd6 37. Rc5 Be6 38. Kf1 Rxd4 39. exd4 Rxd4 40. Rxc6 Rxb4 41. Rb6 Bd7 42. Ke1 Rb2 43. f3 exf3 44. Bxf3 Rb4 45. Rb7 Rxf4 46. Bc6 Rd4 47. Bxb5 Ke6 0-1

[Event "Halmstad op"]
[Site "Halmstad"]
[Date "2025.05.30"]
[Round "5"]
[White "Gudmundsson, Gunnar Erik"]
[Black "Valcu, Lavinia"]
[Result "0-1"]
[WhiteElo "2015"]
[BlackElo "2143"]
[PlyCount "46"]
[EventDate "2025.05.29"]
[EventType "swiss"]
[EventRounds "8"]
[EventCountry "SWE"]
[SourceTitle "CB23_2025"]
[SourceDate "2025.06.04"]
[SourceVersion "1"]
[SourceVersionDate "2025.06.04"]
[SourceQuality "1"]

1. d4 Nf6 2. c4 c5 3. d5 b5 4. cxb5 a6 5. bxa6 g6 6. Nc3 Bg7 7. e4 0-0 8. Nf3 Qa5 9. Bd2 Bxa6 10. g3 d6 11. Be2 Qb4 12. Bxa6 Nxa6 13. Qb3 Rfb8 14. 0-0 Nxe4 15. Rfe1 Nxd2 16. Nxd2 Qd4 17. Nf3 Rxb3 18. Nxd4 cxd4 19. axb3 dxc3 20. Ra2 cxb2 21. b4 Rc8 22. Rxa6 Rc1 23. Ra8+ Bf8 0-1

[Event "Stockholm Hotel N IM 2nd"]
[Site "Upplands Vasby"]
[Date "2025.05.03"]
[Round "2"]
[White "Valcu, Lavinia"]
[Black "Kingsley, Elias"]
[Result "1/2-1/2"]
[WhiteElo "2143"]
[BlackElo "2007"]
[PlyCount "61"]
[EventDate "2025.05.03"]
[EventType "tourn"]
[EventRounds "9"]
[EventCountry "SWE"]
[EventCategory "1"]
[SourceTitle "CB19_2025"]
[SourceDate "2025.05.07"]
[SourceVersion "1"]
[SourceVersionDate "2025.05.07"]
[SourceQuality "1"]

1. e4 e6 2. d4 d5 3. e5 c5 4. c3 Nc6 5. Nf3 Nge7 6. Na3 Nf5 7. Nc2 Be7 8. Be2 0-0 9. 0-0 a5 10. g4 Nh4 11. Nxh4 Bxh4 12. f4 cxd4 13. cxd4 Be7 14. Bd3 f6 15. exf6 gxf6 16. g5 fxg5 17. Qh5 Rf7 18. Be3 Rg7 19. Kh1 Bd7 20. fxg5 Qe8 21. Qh6 e5 22. dxe5 Nxe5 23. Bd4 Bxg5 24. Bxh7+ Kh8 25. Qd6 Kxh7 26. Qxe5 Qxe5 27. Bxe5 Re7 28. Bd6 Rg7 29. Be5 Re7 30. Bd6 Rg7 31. Be5 1/2-1/2

[Event "Wch U20 Girls 41st"]
[Site "Petrovac"]
[Date "2025.03.05"]
[Round "9"]
[White "Valcu, Lavinia"]
[Black "Trifoi, Mihaela Ioana"]
[Result "1-0"]
[WhiteElo "2137"]
[BlackElo "1990"]
[PlyCount "111"]
[EventDate "2025.02.25"]
[EventType "swiss"]
[EventRounds "11"]
[EventCountry "MNE"]
[SourceTitle "CB11_2025"]
[SourceDate "2025.03.12"]
[SourceVersion "1"]
[SourceVersionDate "2025.03.12"]
[SourceQuality "1"]

1. e4 c6 2. d4 d5 3. f3 e6 4. Nc3 Bb4 5. Bd2 Ne7 6. h4 Nd7 7. h5 h6 8. Nce2 Ba5 9. e5 c5 10. c3 cxd4 11. cxd4 Nf5 12. Bxa5 Qxa5+ 13. Qd2 Qxd2+ 14. Kxd2 Nb6 15. b3 Bd7 16. g4 Ne7 17. Nc3 f6 18. f4 Kf7 19. Nf3 a6 20. Bd3 Rac8 21. g5 f5 22. Rh2 Rc7 23. Rg1 Rhc8 24. Ne2 Bb5 25. gxh6 gxh6 26. Rhg2 Bxd3 27. Rg7+ Kf8 28. Kxd3 a5 29. Nh4 a4 30. Rh7 Ng8 31. Rxc7 Rxc7 32. Nc3 axb3 33. Nb5 Rg7 34. Ng6+ Ke8 35. axb3 Nc8 36. Rc1 Kd8 37. Nf8 Rg3+ 38. Ke2 Rxb3 39. Nxe6+ Ke7 40. Rxc8 Kxe6 41. Rxg8 Rxb5 42. Rg6+ Ke7 43. Rxh6 Rb2+ 44. Kf3 Rh2 45. Rh7+ Ke8 46. Rxb7 Rxh5 47. Rb5 Rh3+ 48. Kg2 Rd3 49. Rxd5 Kf7 50. Rd6 Ke7 51. Kf2 Ra3 52. Rf6 Rd3 53. Rxf5 Rxd4 54. Ke3 Ra4 55. Rf6 Rb4 56. Kf3 1-0

[Event "Wch U20 Girls 41st"]
[Site "Petrovac"]
[Date "2025.02.25"]
[Round "1"]
[White "Saraci, Rinesa"]
[Black "Valcu, Lavinia"]
[Result "0-1"]
[WhiteElo "1751"]
[BlackElo "2137"]
[PlyCount "82"]
[EventDate "2025.02.25"]
[EventType "swiss"]
[EventRounds "11"]
[EventCountry "MNE"]
[SourceTitle "CB11_2025"]
[SourceDate "2025.03.12"]
[SourceVersion "1"]
[SourceVersionDate "2025.03.12"]
[SourceQuality "1"]

1. e4 c5 2. Nf3 d6 3. d4 cxd4 4. Nxd4 Nf6 5. Nc3 a6 6. Be3 e5 7. Nf3 Be7 8. Be2 0-0 9. 0-0 Nbd7 10. h3 b5 11. a3 Bb7 12. Nd2 Rc8 13. Kh1 Qc7 14. Rc1 Qb8 15. Bf3 Qa8 16. Qe2 h6 17. h4 Nc5 18. Bxc5 Rxc5 19. Nb3 Rxc3 20. bxc3 Nxe4 21. Bxe4 Bxe4 22. f3 Bd5 23. Qf2 Qd8 24. g3 f5 25. Rcd1 Qa8 26. Kh2 f4 27. Rd2 fxg3+ 28. Qxg3 Rf4 29. Rg2 Qf8 30. Nd2 Bd8 31. Qf2 Bxh4 32. Qa7 Bg5 33. Rxg5 hxg5 34. Kg2 g4 35. Qe3 gxf3+ 36. Kf2 Qf6 37. Rh1 Rh4 38. Rg1 Rh2+ 39. Kf1 f2 40. Rg3 Rh1+ 41. Ke2 f1Q+ 0-1

[Event "Uppsala Young Champions 11th"]
[Site "Uppsala"]
[Date "2024.10.30"]
[Round "8"]
[White "Valcu, Lavinia"]
[Black "Ostensson, Julia"]
[Result "1-0"]
[WhiteElo "2067"]
[BlackElo "2028"]
[PlyCount "53"]
[EventDate "2024.10.25"]
[EventType "tourn"]
[EventRounds "9"]
[EventCountry "SWE"]
[SourceTitle "CB45_2024"]
[Source "ChessBase"]
[SourceDate "2024.11.06"]
[SourceVersion "1"]
[SourceVersionDate "2024.11.06"]
[SourceQuality "1"]

1. d4 Nf6 2. c4 g6 3. Nc3 Bg7 4. e4 d6 5. f4 0-0 6. Nf3 c5 7. d5 e6 8. dxe6 Bxe6 9. Bd3 Nc6 10. f5 Bd7 11. 0-0 Qb6 12. Kh1 Rfe8 13. Rb1 Nb4 14. Ng5 Nxd3 15. Qxd3 gxf5 16. exf5 Bc6 17. Bf4 Rad8 18. Nd5 Bxd5 19. cxd5 h6 20. Ne6 fxe6 21. fxe6 c4 22. Qg6 Qd4 23. Bxh6 Ng4 24. Rf4 Nf2+ 25. Rxf2 Re7 26. Rf7 Rxf7 27. Qxf7+ 1-0

[Event "Uppsala Young Champions 11th"]
[Site "Uppsala"]
[Date "2024.10.25"]
[Round "1"]
[White "Lilliehook, Victor"]
[Black "Valcu, Lavinia"]
[Result "0-1"]
[WhiteElo "1940"]
[BlackElo "2067"]
[PlyCount "64"]
[EventDate "2024.10.25"]
[EventType "tourn"]
[EventRounds "9"]
[EventCountry "SWE"]
[SourceTitle "CB45_2024"]
[Source "ChessBase"]
[SourceDate "2024.11.06"]
[SourceVersion "1"]
[SourceVersionDate "2024.11.06"]
[SourceQuality "1"]

1. e4 c5 2. Nf3 d6 3. d4 cxd4 4. Nxd4 Nf6 5. Nc3 a6 6. h4 e5 7. Nb3 Be7 8. Be2 h5 9. Bg5 Nbd7 10. Qd2 b5 11. 0-0-0 Bb7 12. Bf3 b4 13. Nd5 Bxd5 14. exd5 a5 15. Qe2 Kf8 16. Nd2 Nc5 17. Bxf6 Bxf6 18. Bxh5 a4 19. Bf3 b3 20. cxb3 axb3 21. a3 e4 22. Nxe4 Nxe4 23. Bxe4 Qc7+ 24. Kb1 Rxa3 25. Rd2 Ra2 26. Qb5 Qa7 27. Qxb3 Ra1+ 28. Kc2 Qc5+ 29. Kd3 Qd4+ 30. Kc2 Qxe4+ 31. Rd3 Rxh1 32. Qb8+ Qe8 0-1

[Event "Olympiad Women-45"]
[Site "Budapest"]
[Date "2024.09.18"]
[Round "7.4"]
[White "Mayeregger Gonzalez, Fiorella Allegra"]
[Black "Valcu, Lavinia"]
[Result "0-1"]
[WhiteElo "1796"]
[BlackElo "2076"]
[PlyCount "136"]
[EventDate "2024.09.11"]
[EventType "team-swiss"]
[EventRounds "11"]
[EventCountry "HUN"]
[SourceTitle "EXT 2025"]
[Source "ChessBase"]
[SourceDate "2024.10.14"]
[SourceVersion "1"]
[SourceVersionDate "2024.10.14"]
[SourceQuality "1"]
[WhiteTeam "Paraguay (W)"]
[BlackTeam "Sweden (W)"]
[WhiteTeamCountry "PAR"]
[BlackTeamCountry "SWE"]

1. e4 e5 2. Nc3 Nf6 3. g3 d5 4. exd5 Nxd5 5. Bg2 Nxc3 6. bxc3 Nc6 7. Nf3 Bd6 8. 0-0 0-0 9. d3 f6 10. h3 Be6 11. Re1 Qd7 12. Kh2 Rad8 13. d4 Bd5 14. Be3 exd4 15. Nxd4 Bxg2 16. Kxg2 Nxd4 17. cxd4 Bb4 18. Re2 Bc3 19. Rb1 Qd5+ 20. Kh2 c5 21. Rb5 a6 22. Rb3 cxd4 23. Bd2 Bxd2 24. Rxd2 Rd7 25. Rbd3 Qxa2 26. Rxd4 Rxd4 27. Rxd4 Qe6 28. Rd6 Qe4 29. Rd4 Qc6 30. Rd6 Qc5 31. Qd2 Rc8 32. Rd7 b5 33. Rd5 Qc4 34. Rd4 Qc5 35. Rd5 Qf8 36. Rd7 b4 37. Rd4 a5 38. Kg2 Rb8 39. Rd7 a4 40. Qd5+ Kh8 41. Qa5 b3 42. cxb3 axb3 43. Qe1 b2 44. Rd1 Qe8 45. Qxe8+ Rxe8 46. Rb1 Rb8 47. Kf3 Kg8 48. Ke4 Kf7 49. Kd3 Ke6 50. Kc3 Kf5 51. f3 h5 52. h4 g5 53. hxg5 fxg5 54. Kd2 h4 55. g4+ Kf4 56. Ke2 Rb3 57. Kf2 Rxf3+ 58. Kg2 Rb3 59. Kh2 Kxg4 60. Kg2 Kf4 61. Rf1+ Ke4 62. Re1+ Kd3 63. Kf2 b1Q 64. Re3+ Kd4 65. Re8 Rb2+ 66. Re2 Qf5+ 67. Ke1 Rb1+ 68. Kd2 Qd3# 0-1